Principles of masonry conservation management (Record no. 107042)
[ view plain ]
| 000 -LEADER | |
|---|---|
| fixed length control field | 01037cam a22002175a 4500 |
| 001 - CONTROL NUMBER | |
| control field | L138176 |
| 008 - FIXED-LENGTH DATA ELEMENTS--GENERAL INFORMATION | |
| fixed length control field | 070521s2007 xxko f 000 0 eng d |
| 020 ## - INTERNATIONAL STANDARD BOOK NUMBER | |
| International Standard Book Number | 9781860819667 |
| 035 ## - SYSTEM CONTROL NUMBER | |
| System control number | (Sirsi) u138176 |
| 041 0# - LANGUAGE CODE | |
| Language code of text/sound track or separate title | eng |
| 050 04 - LIBRARY OF CONGRESS CALL NUMBER | |
| Classification number | 693.21 $2 18 |
| 100 1# - MAIN ENTRY--PERSONAL NAME | |
| Personal name | De Vekey, R. C. |
| 245 00 - TITLE STATEMENT | |
| Title | Principles of masonry conservation management |
| 260 ## - PUBLICATION, DISTRIBUTION, ETC. | |
| Place of publication, distribution, etc. | Watford |
| Name of publisher, distributor, etc. | IHS BRE Press |
| Date of publication, distribution, etc. | 2007 |
| 300 ## - PHYSICAL DESCRIPTION | |
| Extent | 8p. |
| Other physical details | ill. |
| Dimensions | 30cm. |
| 490 #0 - SERIES STATEMENT | |
| Series statement | BRE Digest |
| Volume/sequential designation | 502 |
| 520 ## - SUMMARY, ETC. | |
| Summary, etc. | Discusses the legislative framework in the UK and the general principles of conservation practice. Covers: minimal intervention; protection against disaster and neglect; use of identical replacement materials or the nearest analogues; the necessity for additions to respect the spirit of the core building; maintenance of a log of works; and the need to agree a protocol for project management before any project begins. |
| 651 #4 - SUBJECT ADDED ENTRY--GEOGRAPHIC NAME | |
| Geographic name | England and Wales |
| Chronological subdivision | 1543- |
| 690 ## - LOCAL SUBJECT ADDED ENTRY--TOPICAL TERM (OCLC, RLIN) | |
| Topical term or geographic name as entry element | BUILT ENVIRONMENT-BUILDING MAINTENANCE AND REFURBISHMENT-BUILDING CONSERVATION |
| 942 ## - ADDED ENTRY ELEMENTS (KOHA) | |
| Suppress in OPAC | 0 |
| Withdrawn status | Lost status | Source of classification or shelving scheme | Damaged status | Not for loan | Home library | Current library | Shelving location | Date acquired | Total Checkouts | Full call number | Barcode | Date last seen | Copy number | Price effective from | Koha item type |
|---|---|---|---|---|---|---|---|---|---|---|---|---|---|---|---|
| Dewey Decimal Classification | London | London | Boxed set | 21/08/2007 | BRE | 30073904 | 06/08/2019 | 1 | 06/08/2019 | Book |